Local Charges in Tourism and Municipal Approaches to their Collection
Identifikácia problémov, súvisiacich s vyberaním miestnych poplatkov podľa zákona o miestnych poplatkoch a načrtnutie ich riešenia. Zistené problémy v súvislosti s neexistenciou jednotného systému vyberania poplatkov, neexistenciou jednotného motivačného systému poplatkov, vyberania a nejednoznačnos...
Salvato in:
| Autore principale: | |
|---|---|
| Altri autori: | |
| Natura: | Capitolo di libro |
| Lingua: | ceco |
| Soggetti: | |
| Tags: |
Nessun Tag, puoi essere il primo ad aggiungerne!!
|
MARC
| LEADER | 00000naa a2200000 4500 | ||
|---|---|---|---|
| 001 | 0298254 | ||
| 005 | 20240116095207.3 | ||
| 041 | 0 | |a cze | |
| 044 | |a CZ | ||
| 245 | 1 | 0 | |a Local Charges in Tourism and Municipal Approaches to their Collection |c Michal Blaško, Michal Motyčka |
| 520 | |a Identifikácia problémov, súvisiacich s vyberaním miestnych poplatkov podľa zákona o miestnych poplatkoch a načrtnutie ich riešenia. Zistené problémy v súvislosti s neexistenciou jednotného systému vyberania poplatkov, neexistenciou jednotného motivačného systému poplatkov, vyberania a nejednoznačnosť výkladu zákona o miestnych poplatkoch sa stali podkladom pre načrtnutie riešenia problémov na základe výsledkov výskumu. | ||
| 610 | 2 | 0 | |a poplatky |
| 610 | 2 | 0 | |a poplatky miestne |
| 610 | 2 | 0 | |a ubytovanie |
| 610 | 2 | 0 | |a obce |
| 610 | 2 | 0 | |a dane |
| 610 | 2 | 0 | |a ruch cestovný |
| 100 | 1 | |a Blaško, Michal | |
| 700 | 1 | |a Motyčka, Michal | |